OKI - ERA47 - Statystyki

Ogólne statystyki
  • Ten quiz został rozwiązany 12 razy
  • Średni wynik to 8 z 17
Statystyki odpowiedzi
ERA47 % Poprawnych
JEREMY SOCHAN
78%
WODA SODOWA
67%
AGENT47
56%
DOM
56%
JEREMY SOCHAN SKIT
56%
KAUCJA
56%
NIEWOLNIK
56%
SPRZEDAŁEM SIĘ
56%
CERTIFIED LOVER
44%
JEŚLI CHCIAŁBYŚ TO MOŻESZ WPAŚĆ
44%
OK OK OK
44%
WRAK
44%
ŻYCIE TO ZA MAŁO
44%
OD ZERA
33%
PUK PUK PUK
33%
QUAD STUDIO FREESTYLE
33%
SEROTONINA
22%
Nie znaleziono quizów pasujących do podanych kryteriów
Rozkład punktacji
Procent ludzi z każdym wynikiem
Percentyl według liczby udzielonych odpowiedzi
Twoja historia wyników
Nie rozwiązałeś tego quizu